Normale Krisen Unsicherheit als Managementproblem

Saved in:
Bibliographic Details
Main Author: Gmür, Markus
Format: Book
Language:German
Published: Bern Haupt 1996
Edition:1. Aufl.
Subjects:
Tags: Add Tag
No Tags, Be the first to tag this record!

MARC

LEADER 00000nam a2200000 4500
001 c017673
005 20221205125506.8
020 |a 3-258-05341-3 
041 0 |a ger 
044 |a CH 
245 1 0 |a Normale Krisen  |b Unsicherheit als Managementproblem  |c Markus Gmür 
250 |a 1. Aufl. 
264 1 |a Bern  |b Haupt  |c 1996 
300 |a 341 s. 
610 2 0 |a organizácia 
610 2 0 |a podnik 
610 2 0 |a manažment 
610 2 0 |a rozhodovanie 
610 2 0 |a výskum 
610 2 0 |a štruktúra organizačná 
610 2 0 |a štúdie prípadové 
610 2 0 |a modely 
610 2 0 |a kríza 
610 2 0 |a skupiny pracovné 
610 2 0 |a reorganizácia 
610 2 0 |a hypotézy 
610 2 0 |a správanie organizačné 
610 2 0 |a psychológia podniková 
610 2 0 |a informácie 
610 2 0 |a stresy 
610 2 0 |a rozhodovanie za rizika 
610 2 0 |a psychológia riadenia 
100 1 |a Gmür, Markus